16th seduction. #16 / James Patterson & Maxine ... Read More
Available copies
- 1 of 1 copy available at LARL/NWRL Consortium.
Current holds
0 current holds with 1 total copy.
View other formats and editions
Show Only Available Copies
| Location | Call Number / Copy Notes | Barcode | Shelving Location | Status | Due Date |
|---|---|---|---|---|---|
| Thief River Falls Public Library | BOOK-ON-CD PAT (Text) | 35500005552797 | Main | Available | - |
Record details
- ISBN: 9781478915454
- ISBN: 1478915455
- Physical Description: 6 audio discs (7 hr.) : digital ; 4 3/4 in.
- Edition: Unabridged.
- Publisher: New York : Hachette Audio ; ℗2017.
Content descriptions
| General Note: | Title from container. Compact disc. In container (17 cm.). |
| Participant or Performer Note: | Read by January LaVoy. |
| Summary, etc.: | Still reeling from her husband's betrayal, Lindsay ... Read More |
Search for related items by subject
| Genre: | Suspense fiction. Mystery fiction. Audiobooks. Suspense fiction. Mystery fiction. |
Search for related items by series
| LDR | 02337cim a2200613Ma 4500 | ||
|---|---|---|---|
| 001 | 255611 | ||
| 003 | LARL_NWRL_CONSORTIUM | ||
| 005 | 20170519171440.0 | ||
| 008 | 170509s2017 nyunnnn f n eng d | ||
| 007 | sd fungnnmmned | ||
| 040 | . | ‡aRECBX ‡beng ‡cRECBX ‡dOCLCO ‡dOCLCQ ‡dT3L | |
| 020 | . | ‡a9781478915454 | |
| 020 | . | ‡a1478915455 | |
| 028 | 0 | 2. | ‡aDD30198 ‡bRecorded Books |
| 035 | . | ‡a(OCoLC)986960904 | |
| 043 | . | ‡an-us-ca | |
| 082 | 0 | 4. | ‡a813/.54 ‡223 |
| 100 | 1 | . | ‡aPatterson, James, ‡d1947- ‡0(LARL_NWRL_CONSORTIUM)54299 |
| 245 | 1 | 0. | ‡a16th seduction. ‡n#16 / ‡cJames Patterson & Maxine Paetro. |
| 246 | 3 | . | ‡aSixteenth seduction |
| 250 | . | ‡aUnabridged. | |
| 260 | . | ‡aNew York : ‡bHachette Audio ; ‡aPrince Frederick, MD : ‡bDistributed by Recorded Books, ‡c℗2017. | |
| 300 | . | ‡a6 audio discs (7 hr.) : ‡bdigital ; ‡c4 3/4 in. | |
| 336 | . | ‡aspoken word ‡bspw ‡2rdacontent | |
| 337 | . | ‡aaudio ‡bs ‡2rdamedia | |
| 338 | . | ‡aaudio disc ‡bsd ‡2rdacarrier | |
| 490 | 0 | . | ‡aWomen's Murder Club ; ‡v16 |
| 500 | . | ‡aTitle from container. | |
| 511 | 0 | . | ‡aRead by January LaVoy. |
| 500 | . | ‡aCompact disc. | |
| 500 | . | ‡aIn container (17 cm.). | |
| 520 | . | ‡aStill reeling from her husband's betrayal, Lindsay Boxer investigates a wave of possibly unnatural heart attacks claiming the lives of seemingly unrelated victims while assisting the prosecution of a bomber with a hostile defense team. | |
| 650 | 0. | ‡aWomen's Murder Club (Imaginary organization) ‡vFiction. | |
| 650 | 0. | ‡aPolicewomen ‡zCalifornia ‡zSan Francisco ‡vFiction. | |
| 650 | 0. | ‡aMurder ‡xInvestigation ‡vFiction. ‡0(LARL_NWRL_CONSORTIUM)166203 | |
| 651 | 0. | ‡aSan Francisco (Calif.) ‡vFiction. ‡0(LARL_NWRL_CONSORTIUM)167303 | |
| 650 | 4. | ‡aMurder ‡xInvestigation ‡vFiction. ‡0(LARL_NWRL_CONSORTIUM)166203 | |
| 650 | 4. | ‡aPolicewomen ‡zCalifornia ‡zSan Francisco ‡vFiction. | |
| 650 | 4. | ‡aWomen's Murder Club (Imaginary organization) ‡vFiction. | |
| 651 | 4. | ‡aSan Francisco (Calif) ‡vFiction. ‡0(LARL_NWRL_CONSORTIUM)167303 | |
| 655 | 7. | ‡aSuspense fiction. ‡2gsafd | |
| 655 | 7. | ‡aMystery fiction. ‡2gsafd | |
| 655 | 7. | ‡aAudiobooks. ‡2lcgft ‡0(LARL_NWRL_CONSORTIUM)175801 | |
| 655 | 4. | ‡aSuspense fiction. | |
| 655 | 4. | ‡aMystery fiction. | |
| 700 | 1 | . | ‡aPaetro, Maxine. ‡0(LARL_NWRL_CONSORTIUM)56726 |
| 700 | 1 | . | ‡aLaVoy, January. ‡4nrt |
| 710 | 2 | . | ‡aHachette Audio (Firm) ‡0(LARL_NWRL_CONSORTIUM)215348 |
| 710 | 2 | . | ‡aRecorded Books, Inc. ‡0(LARL_NWRL_CONSORTIUM)139168 |
| 901 | . | ‡a255611 ‡b ‡c255611 ‡tbiblio | |

Add to basket
Permalink
Disable Highlighting